000 00806cam a22002538 4500
001 7247
005 20180606140703.0
008 ngd1900,2amqI 6 i 0 102amq e
035 _a(OCoLC)2156860
040 _aKAT
_cKAT
_dKAT
049 _aKATT
100 1 _aBrainerd, David,
_d1718-1747.
245 1 4 _aThe life and diary of David Brainerd /
_cedited by Johnathan Edwards.
260 _aMichigan :
_bSovereign Grace Publishers,
_cc1971.
300 _a256 p. ;
_c18 cm.
336 _atext
337 _aunmediated
338 _avolume
650 0 _aIndians of North America
_xMissions.
700 1 _aEdwards, Jonathan,
_d1703-1758.
942 _2lcc
_cBK
999 _c42343
_d42343